书目信息 |
| 题名: |
中国邮政编码
|
|
| 作者: | ;轻工业部办公厅 主编 | |
| 分册: | 轻工业专集 | |
| 出版信息: | 北京 人民邮电出版社 1991.6 |
|
| 页数: | 629页 | |
| 开本: | 26cm | |
| 丛书名: | ||
| 单 册: | ||
| 中图分类: | F614 , F614-62 | |
| 科图分类: | ||
| 主题词: | 邮政编码--中国--手册 , 轻工业-邮政编码--中国--手册 | |
| 电子资源: | ||
| ISBN: | 7-115-04525-9 | |
| 000 | 00960nam0 2200253 45 | |
| 001 | 0192006838 | |
| 005 | 20061030152746.82 | |
| 010 | @a7-115-04525-9@dCNY20.00 | |
| 100 | @a19920314d1991 em y0chiy0121 ea | |
| 101 | 0 | @achi |
| 102 | @aCN@b110000 | |
| 105 | @ay z 000yy | |
| 200 | 10 | @a中国邮政编码@AZHONG GUO YOU ZHENG BIAN MA@i轻工业专集@IQING GONG YE ZHUAN JI@f轻工业部办公厅主编@FQING GONG YE BU BAN GONG TING ZHU BIAN |
| 210 | @a北京@c人民邮电出版社@d1991.6 | |
| 215 | @a629页@d26cm | |
| 330 | @a本书汇集了全国五万多个轻工业系统的管理机关、企业、事业单位和部分系统外重点轻工业企业的名称、地址和邮政编码等。 | |
| 540 | 1 | @a中国 邮政 编码 轻工业@AZHONG GUO YOU ZHENG BIAN MA QING GONG YE |
| 606 | @a邮政编码@y中国@x手册 | |
| 606 | @a轻工业-邮政编码@y中国@x手册 | |
| 690 | @aF614@v三版 | |
| 690 | @aF614-62@v3 | |
| 711 | 02 | @a轻工业部办公厅@AQING GONG YE BU BAN GONG TING@4主编 |
| 801 | 0 | @aCN@bTSSF@c20061030 |
| 905 | @a10447@dF614-62@e2 | |
| 中国邮政编码.轻工业专集/轻工业部办公厅主编.-北京:人民邮电出版社,1991.6 |
| 629页;26cm |
| ISBN 7-115-04525-9:CNY20.00 |
| 本书汇集了全国五万多个轻工业系统的管理机关、企业、事业单位和部分系统外重点轻工业企业的名称、地址和邮政编码等。 |
| ● |
| 相关链接 |
|
|
|
|
正题名:中国邮政编码
索取号:F614-62/2
 
预约/预借
| 序号 | 登录号 | 条形码 | 馆藏地/架位号 | 状态 | 备注 |
| 1 | 0259641 | 002058338 | 第一样本阅览室/ [索取号:F614-62/2] | 在馆 |